000 01480nam2a2200241 4500
001 RU\NLR\BIBL_A\010104102
005 20250613200718.0
010 _a978-5-9221-0902-4
021 _aRU
_b2013-99635
_96919
035 _a(NLR Aleph) 010104102
090 _a9943032
_c9943032
100 _a20140206d2014 |||y0rusy50 ca
101 0 _arus
102 _aRU
105 _aa|||j||||01yy
200 0 _aЧ. 1
210 _d2014
_d[т.е. 2013]
_aБ. м.
225 1 _a...
_hвып. 1
300 _aКн. фактически изд. в 2013 г.
320 _aПредм. указ.: с. 642-646
461 0 _1001RU\NLR\BIBL_A\010193523
_12000#$aОсновы математического анализа$eучебник для студентов физических специальностей и специальности "Прикладная математика"$e[в 2 ч.]$fВ.А. Ильин, Э.Г. Позняк$vЧ. 1
_1700#1$aИльин$bВ.А.$gВладимир Александрович$f1928-$cматематик$3RU\NLR\AUTH\7724905
_910209785
_aИльин, В. А. (математик ; 1928-2014)
_cМосква
_d2014
_eИзд. 7-е, стер.
_fВ.А. Ильин, Э.Г. Позняк
_nФизматлит
_oучебник для студентов физических специальностей и специальности "Прикладная математика" : [в 2 ч.]
_tОсновы математического анализа
_vЧ. 1
942 _cBOOK
980 _aNB